| 000 | 00595nam a22001937a 4500 | ||
|---|---|---|---|
| 003 | OSt | ||
| 005 | 20221027153053.0 | ||
| 008 | 221027b |||||||| |||| 00| 0 eng d | ||
| 040 | _cBiblioteca Lado V | ||
| 082 |
_2750 _aK29a |
||
| 100 |
_9210 _aKeller, Samuel _econcepto |
||
| 245 | _aArt | Unlimited/ | ||
| 260 |
_aAlemania _bHatje Cantz _c2006 |
||
| 300 |
_a193p. _c17x21cm |
||
| 650 |
_2Tesauro de Arte & Arquitectura _aCATALOGO |
||
| 650 |
_2Tesauro de Arte & Arquitectura _aARTE |
||
| 651 |
_2Tesauro de Arte & Arquitectura _aALEMANIA |
||
| 942 |
_2ddc _c1 _h750 _iK29a _n0 |
||
| 999 |
_c2367 _d2367 |
||